000
00231 a2200097 4500
001
24764
100
_a
Warring, R H
245
_a
Design & Construction of Transistor Superheth
260
_a
_b
Museum Press
_c
090
_c
16730
_d
16730
942
_a
NUST-CAE
_c
M
_c
7481
999
_c
259837
_d
259837